书目信息 |
| 题名: |
现代测试技术与系统设计
|
|
| 作者: | 申忠如, 郭福田, 丁晖编著 | |
| 分册: | ||
| 出版信息: | 西安 西安交通大学出版社 2006.02 |
|
| 页数: | 327页 | |
| 开本: | 26cm | |
| 丛书名: | ||
| 单 册: | ||
| 中图分类: | TM93 | |
| 科图分类: | ||
| 主题词: | 电气测量-高等学校 | |
| 电子资源: | ||
| ISBN: | 7-5605-2132-0 | |
| 000 | 00698nam0 2200217 45 | |
| 001 | 010460995995 | |
| 005 | 20070607100510.18 | |
| 010 | @a7-5605-2132-0@dCNY28.00 | |
| 100 | @a20061027d2006 ekmy0 y0120 ea | |
| 102 | @aCN@b610000 | |
| 105 | @ay z 000yy | |
| 200 | 1 | @a现代测试技术与系统设计@f申忠如, 郭福田, 丁晖编著 |
| 210 | @a西安@c西安交通大学出版社@d2006.02 | |
| 215 | @a327页@c图@d26cm | |
| 330 | @a本书按照电气工程与自动化专业“电气测量技术”平台课的教学 大纲编写。重点介绍目前电气测量技术中主要使用的数字化仪表等。 | |
| 606 | 1 | @a电气测量-高等学校 |
| 690 | @aTM93@v4 | |
| 701 | 0 | @a申忠如, 郭福田, 丁晖编著 |
| 801 | 0 | @aCN@c20070607 |
| 905 | @dTM93@eS371 | |
| 906 | @dCNY28.00@n3@r1 | |
| 现代测试技术与系统设计/申忠如, 郭福田, 丁晖编著.-西安:西安交通大学出版社,2006.02 |
| 327页:图;26cm |
| ISBN 7-5605-2132-0:CNY28.00 |
| 本书按照电气工程与自动化专业“电气测量技术”平台课的教学 大纲编写。重点介绍目前电气测量技术中主要使用的数字化仪表等。 |
| ● |
| 相关链接 |
|
|
|
正题名:现代测试技术与系统设计
索取号:TM93/S371
 
预约/预借
| 序号 | 登录号 | 条形码 | 馆藏地/架位号 | 状态 | 备注 |
| 1 | 231346 | 202313460 | 自科二线404/301自科库 15排3列1层/ [索取号:TM93/S371] | 在馆 | |
| 2 | 231347 | 202313479 | 自科库301/301自科库 22排2列1层/ [索取号:TM93/S371] | 在馆 | |
| 3 | 231348 | 202313488 | 自科库301/301自科库 22排2列1层/ [索取号:TM93/S371] | 在馆 |